Infancia (Record no. 135242)
[ view plain ]
| 000 -LEADER | |
|---|---|
| campo de control de longitud fija | 00870nam a2200277 i 4500 |
| 001 - NÚMERO DE CONTROL | |
| campo de control | 135242 |
| 003 - IDENTIFICADOR DE NÚMERO DE CONTROL | |
| campo de control | ES-MaACL |
| 005 - FECHA Y HORA DE LA ÚLTIMA TRANSACCIÓN | |
| campo de control | 20240126063011.0 |
| 007 - CAMPO FIJO DE DESCRIPCIÓN FÍSICA--INFORMACIÓN GENERAL | |
| campo de control de longitud fija | t| |
| 008 - DATOS DE LONGITUD FIJA--INFORMACIÓN GENERAL | |
| campo de control de longitud fija | 070713s1956 sp ||||1| spa d |
| 080 ## - NÚMERO DE LA CLASIFICACIÓN DECIMAL UNIVERSAL | |
| Número de la Clasificación Decimal Universal | 882-31"18" |
| 100 1# - ENTRADA PRINCIPAL--NOMBRE DE PERSONA | |
| Nombre de persona | Tolstói, Lev, |
| Fechas asociadas al nombre | 1828-1910 |
| 9 (RLIN) | 110489 |
| 245 10 - MENCIÓN DEL TÍTULO | |
| Título | Infancia |
| Resto del título | : Adolescencia ; Juventud / |
| Mención de responsabilidad, etc. | Lev Nikolaevich Tolstoï ; traducción directa del ruso y nota preliminar por Irene y Laura Andresco. |
| 250 ## - MENCION DE EDICION | |
| Mención de edición | [2ª ed.]. |
| 260 ## - PUBLICACIÓN, DISTRIBUCIÓN, ETC. | |
| Lugar de publicación, distribución, etc. | Madrid : |
| Nombre del editor, distribuidor, etc. | Aguilar, |
| Fecha de publicación, distribución, etc. | [1956] |
| 300 ## - DESCRIPCIÓN FÍSICA | |
| Extensión | 540 p. : |
| Otras características físicas | il. ; |
| Dimensiones | 12 cm. |
| 490 1# - MENCIÓN DE SERIE | |
| Mención de serie | Col. Cristol ; |
| Designación de volumen o secuencia | 173 bis |
| 500 ## - NOTA GENERAL | |
| Nota general | Ret. aut. |
| 700 1# - ENTRADA AGREGADA--NOMBRE PERSONAL | |
| Nombre de persona | Andresco, Irene. |
| 9 (RLIN) | 21625 |
| 700 1# - ENTRADA AGREGADA--NOMBRE PERSONAL | |
| Nombre de persona | Andresco, Laura. |
| 9 (RLIN) | 21626 |
| 740 0# - ENTRADA AGREGADA--TÍTULO RELACIONADO/ANALÍTICO NO CONTROLADO | |
| Título relacionado o analítico no controlado | Adolescencia. |
| 740 0# - ENTRADA AGREGADA--TÍTULO RELACIONADO/ANALÍTICO NO CONTROLADO | |
| Título relacionado o analítico no controlado | Juventud. |
| 830 0# - PUNTO DE ACCESO ADICIONAL DE SERIE-TÍTULO UNIFORME | |
| Título uniforme | Col. Cristol ; |
| Designación de volumen o secuencia | 173 bis |
| 9 (RLIN) | 219907 |
| 852 ## - LOCALIZACIÓN | |
| Ubicación | ES-MaACL |
| Número de control de estantería | D-8525 |
| Sublocalización o colección | R.39694 |
| Estatus retirado | Estado de pérdida | Estado de daño | No para préstamo | Biblioteca de origen | Biblioteca actual | Ubicación en estantería | Fecha de adquisición | Fuente de adquisición | Total de préstamos | Signatura topográfica completa | Código de barras | Visto por última vez | Precio de reemplazo | Tipo de ítem Koha |
|---|---|---|---|---|---|---|---|---|---|---|---|---|---|---|
| Biblioteca del Ateneo de Madrid | Biblioteca del Ateneo de Madrid | Sala Valle Inclán | 17/01/2008 | D-8525 | 901140762 | 23/02/2023 | 23/02/2023 | Libro impreso |
